| 000 | 03822nam0a2200457 4500 | ||
|---|---|---|---|
| 001 | RU\NLR\BIBL_A\012693517 | ||
| 005 | 20220323182442.0 | ||
| 010 |
_a978-5-87627-224-0 _9500 |
||
| 021 |
_aRU _bКН-П-21-067465 _9КН-П-21-5333 |
||
| 021 |
_aRU _bКН-П-22-009933 _9КН-П-22-0820 |
||
| 035 | _a(NLR Aleph) 012693517 | ||
| 035 | _a(RuMoRGB)010821412 | ||
| 090 |
_a12854872 _c12854872 |
||
| 100 | _a20220126d2021 k y0rusy50 ca | ||
| 101 | 0 |
_arus _deng _eeng |
|
| 102 | _aRU | ||
| 105 | _aach|z|||100zy | ||
| 181 | 0 |
_ai3 _baxxe |
|
| 182 | 0 | _an | |
| 200 | 1 |
_aСлово и образ. Мимошедшее время и знамение в искусствах христианского мира _eколлективная монография на основе материалов международной научной конференции _fXXIX Международные образовательные чтения "Александр Невский: Запад и Восток, историческая память народа", 18 мая 2021 _gРоссийская академия художеств, НИИ теории и истории изобразительных искусств РАХ [и др.] _gсоставители: А. Н. Лаврентьев [и др.] _gредакторы: А. Н. Лаврентьев, А. В. Сазиков |
|
| 203 |
_aТекст _bвизуальный _cнепосредственный |
||
| 210 |
_aМосква _c[б. и.] _d2021 |
||
| 215 |
_a404 с. _cил., портр., факс. _d21 |
||
| 300 | _aНа тит. с. также: International scientific conference "The bypassing time and the omen in the arts of the christendom", Moscow, May 18, 2021 | ||
| 300 | _aРез. англ. | ||
| 320 | _aБиблиогр. в конце ст. | ||
| 330 | _aИздание подготовлено в рамках разработки научного направления <Творческое наследие Строгановской школы - культуре и искусству России. Изобразительное, монументально-декоративное, декоративно-прикладное искусство, архитектура и дизайн> | ||
| 517 | 1 | _aInternational scientific conference "The bypassing time and the omen in the arts of the christendom", Moscow, May 18, 2021 | |
| 517 | 1 | _aМимошедшее время и знамение в искусствах христианского мира | |
| 606 | 1 |
_aИзобразительное искусство христианское _jСъезды, совещания и т.п _92105812 _3RU\NLR\AUTH\661273091 |
|
| 686 | 1 | _aЩ103(0)я431 | |
| 702 | 0 |
_4570 _7ca _8rus _aАлександр Невский _cвеликий князь владимирский _f1220-1263 _9118202 _3RU\NLR\AUTH\778291 |
|
| 702 | 1 |
_4220 _7ca _8rus _aЛаврентьев _bА. Н. _f1954- _gАлександр Николаевич _93074 _3RU\NLR\AUTH\7720006 |
|
| 711 | 1 | 2 |
_a"Слово и образ. Мимошедшее время и знамение в искусствах христианского мира", международная научная конференция _eМосква _f2021 _9785700 _3RU\NLR\AUTH\880559170 |
| 711 | 1 | 2 |
_aМеждународные образовательные чтения _d29 _eМосква _f2021 _9785698 _3RU\NLR\AUTH\880559169 |
| 712 | 0 | 2 |
_4570 _aНИИ теории и истории изобразительных искусств _cМосква _9347758 _3RU\NLR\AUTH\889925976 |
| 942 | _cBOOK | ||
| 980 | _aNB | ||